Konstrukce pozemních staveb I.

Gespeichert in:
Bibliographische Detailangaben
Hauptverfasser: Ponča, Oldřich (Verfasst von), Sedláčková, Marie (Verfasst von)
Format: Buch
Sprache:Tschechisch
Veröffentlicht: Bratislava : Vysoké učení technické v Brně, 1985
Tags: Tag hinzufügen
Keine Tags, Fügen Sie das erste Tag hinzu!

MARC

LEADER 00000nam a22000003a 4500
001 stu89055
005 20150617225627.3
008 040719s1985----cs------------------cze-d
040 |a STU  |b slo 
041 0 |a cze 
044 |a cs 
080 |a 624.92(075.8) 
100 1 |a Ponča, Oldřich  |4 aut 
245 1 |a Konstrukce pozemních staveb I. 
260 |a Bratislava :  |b Vysoké učení technické v Brně,  |c 1985 
300 |a 291 s 
700 1 |a Sedláčková, Marie  |4 aut 
996 |b 284V029440  |c V*25529/S-87  |l VVT  |s A  |a 24  |w stu89055_0001